Kỹ thuật rung trong máy xây dựng

Đã lưu trong:
書目詳細資料
主要作者: Trần, Thị Hồng
格式: 圖書
語言:Undetermined
出版: Thành phố Hồ Chí Minh Đại học Quốc gia Thành phố Hồ Chí Minh 2005
主題:
標簽: 添加標簽
沒有標簽, 成為第一個標記此記錄!
Thư viện lưu trữ: Trung tâm Học liệu Trường Đại học Cần Thơ
LEADER 00618nam a2200205Ia 4500
001 CTU_101319
008 210402s9999 xx 000 0 und d
020 |c 20000 
082 |a 620.3 
082 |b H455 
100 |a Trần, Thị Hồng 
245 0 |a Kỹ thuật rung trong máy xây dựng 
245 0 |c Trần Thị Hồng 
260 |a Thành phố Hồ Chí Minh 
260 |b Đại học Quốc gia Thành phố Hồ Chí Minh 
260 |c 2005 
650 |a Machine-tools 
650 |x Vibration 
904 |i Minh 
980 |a Trung tâm Học liệu Trường Đại học Cần Thơ